000 00455nam a2200193Ia 4500
005 20240823021902.0
008 240823s9999||||xx |||||||||||||| ||und||
020 _a978-81-7992-684-0
041 _aENGLISH
082 _A523.88 P7
100 _a"Patterson,Coner"
245 0 _aAim For the Stars Reach the Moon
250 _a1st
260 _c2007
_b"Jaico,B"
_aMumbai
500 _aYES
650 _aLife
_bGeneral
942 _cBK
999 _c177937
_d177937